|
|
|
|
| LEADER |
00000nam0a2200000 4500 |
| 001 |
90275 |
| 005 |
20231101213714.0 |
| 035 |
|
|
|a (RuTPU)RU\TPU\book\96813
|
| 090 |
|
|
|a 90275
|
| 100 |
|
|
|a 20060208d1961 k y0rusy50 ca
|
| 101 |
1 |
|
|a rus
|c ger
|
| 102 |
|
|
|a RU
|
| 105 |
|
|
|a a z 001zy
|
| 200 |
1 |
|
|a Электрические дуги и термическая плазма
|e пер. с нем.
|f В. Финкельнбург, Г. Меккер
|
| 210 |
|
|
|a Москва
|c Изд-во иностранной литературы
|d 1961
|
| 215 |
|
|
|a 370 с.
|c ил.
|
| 320 |
|
|
|a Библиогр.: с. 362-369
|
| 606 |
1 |
|
|a Плазма термическая
|2 stltpush
|3 (RuTPU)RU\TPU\subj\48942
|9 67758
|
| 606 |
1 |
|
|a Электрическая дуга, ртутная
|x Катодные процессы
|2 stltpush
|3 (RuTPU)RU\TPU\subj\26843
|9 50682
|
| 610 |
1 |
|
|a физика
|
| 610 |
1 |
|
|a плазма
|
| 610 |
1 |
|
|a электрическая дуга
|
| 610 |
1 |
|
|a столбы дуги
|
| 610 |
1 |
|
|a аноды
|
| 675 |
|
|
|a 533.95
|v 3
|
| 675 |
|
|
|a 537.523
|v 3
|
| 700 |
|
1 |
|a Финкельнбург
|b В.
|
| 701 |
|
1 |
|a Меккер
|b Г.
|
| 801 |
|
1 |
|a RU
|b 63413507
|c 20060208
|g PSBO
|
| 801 |
|
2 |
|a RU
|b 63413507
|c 20180905
|g PSBO
|
| 942 |
|
|
|c BK
|